| 000 | 01386ctm a2200541 4500 | ||
|---|---|---|---|
| 005 | 20241202115406.0 | ||
| 008 | 150723b2012 MX ||||| |||| 00| 0 spa d | ||
| 020 | _a9786077743781 | ||
| 041 | _aESP | ||
| 082 | _a612 T712p13 | ||
| 100 | _aTortora, Gerard J. | ||
| 100 | _aDerrickson, Bryan | ||
| 245 | _aPrincipios de anatomía y fisiología | ||
| 250 | _a13 edición. | ||
| 260 | _aEspaña | ||
| 260 | _bEditorial Médica Panamericana | ||
| 260 | _c2013 | ||
| 300 | _a1154 páginas | ||
| 300 | _bIlustraciones a color | ||
| 650 | _aANATOMÍA HUMANA | ||
| 650 | _aFISIOLOGÍA | ||
| 650 | _aSISTEMA ESQUELETICO | ||
| 650 | _aHUESOS | ||
| 650 | _aTEJIDO OSEO | ||
| 650 | _aMETABOLISMO | ||
| 650 | _aSENTIDOS | ||
| 650 | _aCRÁNEO | ||
| 650 | _aARTICULACIONES | ||
| 650 | _aSISTEMA NERVIOSO | ||
| 650 | _aSISTEMA ENDOCRINO | ||
| 650 | _aSISTEMA CARDIOVASCULAR | ||
| 650 | _aNUTRICIÓN | ||
| 650 | _aAPARATOS REPRODUCTORES | ||
| 650 | _aENVEJECIMIENTO | ||
| 650 | _aSISTEMA SENSORIAL | ||
| 650 | _aSISTEMA LINFÁTICO | ||
| 650 | _aCOMPUESTOS ORGANICOS | ||
| 650 | _aCOMPUESTOS INORGÁNICOS | ||
| 650 | _aCELULA | ||
| 650 | _aPIEL | ||
| 650 | _aSISTEMA MUSCULAR | ||
| 650 | _aSISTEMA CIRCULATORIO | ||
| 650 | _aSISTEMA RESPIRATORIO | ||
| 650 | _aSISTEMA REPRODUCTOR | ||
| 650 | _aHERENCIA | ||
| 942 |
_cBK _2ddc |
||
| 999 |
_c9094 _d9094 |
||